<?xml version="1.0" encoding="UTF-8"?>
<marc:record xmlns:marc="http://www.loc.gov/MARC21/slim">
   <marc:leader>00000nam a2200000 a 4500</marc:leader>
   <marc:datafield ind1="1" ind2=" " tag="100">
      <marc:subfield code="a">Schmidt, Martin</marc:subfield>
      <marc:subfield code="4">aut</marc:subfield>
      <marc:subfield code="e">Verfasser/-in</marc:subfield>
   </marc:datafield>
   <marc:datafield ind1=" " ind2=" " tag="653">
      <marc:subfield code="a">App</marc:subfield>
   </marc:datafield>
   <marc:datafield ind1=" " ind2=" " tag="653">
      <marc:subfield code="a">City Guide</marc:subfield>
   </marc:datafield>
   <marc:datafield ind1=" " ind2=" " tag="653">
      <marc:subfield code="a">City-Trip</marc:subfield>
   </marc:datafield>
   <marc:datafield ind1=" " ind2=" " tag="653">
      <marc:subfield code="a">Deutschland</marc:subfield>
   </marc:datafield>
   <marc:datafield ind1=" " ind2=" " tag="653">
      <marc:subfield code="a">Erfurt</marc:subfield>
   </marc:datafield>
   <marc:datafield ind1=" " ind2=" " tag="653">
      <marc:subfield code="a">Reiseführer</marc:subfield>
   </marc:datafield>
   <marc:datafield ind1=" " ind2=" " tag="653">
      <marc:subfield code="a">Stadtführer</marc:subfield>
   </marc:datafield>
   <marc:datafield ind1=" " ind2=" " tag="653">
      <marc:subfield code="a">Stadtplan</marc:subfield>
   </marc:datafield>
   <marc:datafield ind1=" " ind2=" " tag="653">
      <marc:subfield code="a">Thüringen</marc:subfield>
   </marc:datafield>
   <marc:datafield ind1=" " ind2=" " tag="653">
      <marc:subfield code="a">Weimar</marc:subfield>
   </marc:datafield>
   <marc:datafield ind1=" " ind2=" " tag="653">
      <marc:subfield code="a">Softcover / Reisen/Reiseführer/Deutschland</marc:subfield>
   </marc:datafield>
   <marc:datafield ind1=" " ind2=" " tag="653">
      <marc:subfield code="a">Führer</marc:subfield>
   </marc:datafield>
   <marc:datafield ind1="0" ind2="0" tag="245">
      <marc:subfield code="a">Erfurt, Weimar</marc:subfield>
   </marc:datafield>
   <marc:datafield ind1="0" ind2="0" tag="245">
      <marc:subfield code="b">Altstadtblick vom Petersberg, Jüdische Geschichte erleben, Kaffeegenuss im Fachwerkhaus, Stein-Bilderbücher am Fischmarkt</marc:subfield>
   </marc:datafield>
   <marc:datafield ind1="0" ind2="0" tag="245">
      <marc:subfield code="c">Martin Schmidt</marc:subfield>
   </marc:datafield>
   <marc:datafield ind1=" " ind2="1" tag="264">
      <marc:subfield code="a">Bielefeld</marc:subfield>
      <marc:subfield code="b">Reise Know-How Verlag Peter Rump GmbH</marc:subfield>
      <marc:subfield code="c">2016</marc:subfield>
   </marc:datafield>
   <marc:datafield ind1="1" ind2=" " tag="490">
      <marc:subfield code="a">City-Trip</marc:subfield>
   </marc:datafield>
   <marc:datafield ind1=" " ind2=" " tag="250">
      <marc:subfield code="a">2., neu bearbeitete und komplett aktualisierte Auflage</marc:subfield>
   </marc:datafield>
   <marc:datafield ind1="1" ind2=" " tag="520">
      <marc:subfield code="a">Angaben aus der Verlagsmeldung

Reise Know-How CityTrip Erfurt und Weimar : Reiseführer mit Faltplan und kostenloser Web-App / von Martin Schmidt

Mit diesem aktuellen Reiseführer voller Reise-Know-how Erfurt und Weimar individuell entdecken!
+ Sorgfältige Beschreibung der interessantesten Sehenswürdigkeiten und Stadtviertel, übersichtlich gegliedert. Erlebnisreiche Stadtspaziergänge.
+ Die ganze Breite der Gastronomie: von Feinschmecker-Restaurants über Bierstuben und Bars bis zum mitternächtlichen Imbiss.
+ Unterkünfte von nobel bis preiswert: aktuell vor Ort recherchiert und ausführlich kommentiert.
+ Für Individualreisende: alle reisepraktischen Infos zu Anreise, Preisen, Öffnungszeiten, Touren, Shopping, öffentlichen Verkehrsmitteln, Nightlife, Events, Hilfe im Notfall.
+ Spannendes Hintergrundwissen: Geschichte, Bewohner, Leben in der Stadt.
+ Richtig ankommen: exakte Adressangaben, alles leicht zu finden in den beiliegenden Stadtplänen mit touristischer Infrastruktur.

Dazu kostenlose Web-App für Smartphone, Tablet und PC: Textbegleitende Stadtplan- und Luftbildansichten, Routenführung zu allen beschriebenen Sehenswürdigkeiten und touristisch wichtigen Orten, Verlauf der Stadtspaziergänge, News und Korrekturen nach Redaktionsschluss.

+++ CityTrip - die aktuellen Stadtführer von Reise Know-How, mit über 100 Städtezielen die weltweit umfangreichste Kollektion. Fundiert, übersichtlich, praktisch.

+++ REISE KNOW-HOW - Reiseführer für individuelle Reisen
</marc:subfield>
   </marc:datafield>
   <marc:datafield ind1=" " ind2=" " tag="020">
      <marc:subfield code="a">9783831727704</marc:subfield>
      <marc:subfield code="9">9783831727704</marc:subfield>
   </marc:datafield>
   <marc:datafield ind1=" " ind2=" " tag="020">
      <marc:subfield code="a">3831727708</marc:subfield>
      <marc:subfield code="9">3831727708</marc:subfield>
   </marc:datafield>
   <marc:datafield ind1=" " ind2=" " tag="041">
      <marc:subfield code="a">ger</marc:subfield>
   </marc:datafield>
   <marc:datafield ind1=" " ind2=" " tag="300">
      <marc:subfield code="a">144 Seiten</marc:subfield>
   </marc:datafield>
</marc:record>
